MARC

LEADER 00000nam a22000007a 4500
005 20210616221321.0
007 cr|||| ||||
008 210616c20209999cr fr|w s|||| 0|||b1spa d
022 |a 2215-2490 
035 |a 34769 
040 |a vLex 
090 |c 11790  |d 11790 
245 0 0 |a Revista Derecho en Sociedad  |h [Recurso electrn̤ico] / 
256 |a Servicio en ln̕ea 
260 |a San Jos:̌  |b Universidad Latinoamericana de Ciencia y Tecnologa̕ Costa Rica,  |c 2020 - 
300 |a 1 recurso electrn̤ico 
310 |a Semestral 
506 1 |a Disponible solo en los productos indicados  |d vLex Global  |d vLex Global (Academic Edition, excluding Law Schools)  |d vLex Global (U.S. Academic Edition, Law Schools)  |d vLex Global (U.S. Academic Edition, excluding Law Schools)  |d vLex Global (Academic Edition, Law Schools) 
650 0 4 |a Derecho Civil  |z Costa Rica 
650 0 4 |a Derecho Mercantil y de la Empresa  |z Costa Rica 
650 0 4 |a Derecho Laboral y Seguridad Social  |z Costa Rica 
650 0 4 |a Derecho Penal  |z Costa Rica 
650 0 4 |a Derecho Fiscal  |z Costa Rica 
650 0 4 |a Derecho Pb︢lico y Administrativo  |z Costa Rica 
650 0 4 |a Derecho de las Nuevas Tecnologa̕s  |z Costa Rica 
740 0 |a vLex Revistas (Servicio en ln̕ea) 
856 4 0 |u https://vlex.com/source/revista-derecho-sociedad-34769  |z Acceso restringido 
942 |c REV 
999 0 |a Civil Law 
999 0 |a Commercial and Company Law 
999 0 |a Labor Law and Social Security 
999 0 |a Criminal Law 
999 0 |a Tax Law 
999 0 |a Public and Administrative Law 
999 0 |a New Technologies Law